Catálogo
 En Linea

Os ha nacido hoy : (Registro nro. 36090)

Detalles MARC
000 -CABECERA
campo de control de longitud fija 00597nam a2200157 a 4500
001 - NÚMERO DE CONTROL
campo de control 000036599
005 - FECHA Y HORA DE LA ÚLTIMA TRANSACCIÓN
campo de control 20200930075824.0
008 - DATOS DE LONGITUD FIJA--INFORMACIÓN GENERAL
campo de control de longitud fija 120123s1961 xxug 000 0 spa d
040 ## - FUENTE DE LA CATALOGACIÓN
Centro catalogador/agencia de origen DO-SdBNP
Lengua de catalogación spa
Centro/agencia transcriptor BNPHU
100 1# - ENTRADA PRINCIPAL--NOMBRE DE PERSONA
Nombre de persona Braun, Charles E.
9 (RLIN) 62877
245 10 - MENCIÓN DE TÍTULO
Título Os ha nacido hoy :
Resto del título canta de navidad /
Mención de responsabilidad, etc. E. Charles Braun ; arreglos vocales a dos voces letra y música Chas E. Braun ; tradución George P. Braun.
260 ## - PUBLICACIÓN, DISTRIBUCIÓN, ETC.
Lugar de publicación, distribución, etc. El Paso, Texas, EE. UU. :
Nombre del editor, distribuidor, etc. Compañia Rodeheaver,
Fecha de publicación, distribución, etc. 1961.
300 ## - DESCRIPCIÓN FÍSICA
Extensión 35 p. :
Otras características físicas il., mús. ;
Dimensiones 27 cm.
700 1# - PUNTO DE ACCESO ADICIONAL--NOMBRE DE PERSONA
Nombre de persona Braun, Chas E.
9 (RLIN) 62878
700 1# - PUNTO DE ACCESO ADICIONAL--NOMBRE DE PERSONA
Nombre de persona Braun, George P.
9 (RLIN) 62879
Existencias
Estado de retiro Estado de pérdida Restricciones de uso No para préstamo Código de colección Localización permanente Ubicación/localización actual Ubicación en estantería Fecha de adquisición Número de inventario Total de préstamos Signatura topográfica completa Código de barras Fecha visto por última vez Precio válido a partir de Tipo de ítem Koha
      Excluido de préstamo Monografías: Libros y Folletos General General Depósito 23.01.2012 LF1   36599-10 25.06.2020 25.06.2020 No se presta

Con tecnología Koha